| 000 | 00851nam a22002655 4500 | ||
|---|---|---|---|
| 008 | |||
| 020 | _a9780273736370 (pbk.) | ||
| 049 | _aMAIN | ||
| 090 |
_aHD30.3 _bADL |
||
| 100 | 1 | _aAdler, Gordon. | |
| 245 | 1 | 0 |
_aFinancial Times briefing on management communication / _cGordon Adler. |
| 246 | 3 | 4 |
_aFinancial Times briefings : _bmanagement communication. |
| 260 |
_aHarlow : _bFinancial Times/Prentice Hall, _c2011. |
||
| 300 |
_a186 p. : _bill. ; _c24 cm |
||
| 440 | _aFinancial Times briefings. | ||
| 500 | _aIncludes index. | ||
| 504 | _aIncludes bibliographical references. | ||
| 650 | 0 | _aCommunication in management. | |
| 655 | 7 |
_aElectronic books. _2local. |
|
| 907 |
_a.b1031376x _b29-08-12 _c03-05-12 |
||
| 003 | |||
| 005 | 20230123125430.0 | ||
| 040 | _cNUST | ||
| 942 |
_cBOOKS _kHD30.3 _mADL |
||
| 999 |
_c141400 _d141400 |
||